ბათუმის შოთა რუსთაველის სახელმწიფო უნივერსიტეტის ბიბლიოთეკა

კაპადოკია / (ბიბ.ჩანაწერი № 38617)

000 -ლიდერი
ფიქსირებული სიგრძის საკონტროლო ველი 01162nam a2200253Ia 4500
001 - საკონტროლო ნომერი
საკონტროლო ველი 4797
003 - საკონტროლო ნომრის იდენტიფიკატორი
საკონტროლო ველი GE_BSU
005 - ბოლო ოპერაციის თარიღი და დრო
საკონტროლო ველი 20190814140250.0
008 - ფიქსირებული სიგრძის მონაცემთა ელემენტები - ზოგადი ინფორმაცია
ფიქსირებული სიგრძის საკონტროლო ველი 181216s2010||||ge |||||||||||||| ||geo||
020 ## - წიგნის საერთაშორისო სტანდარტული ნომერი
International Standard Book Number 9789941421075
040 ## - კატალოგიზაციის წყარო
Transcribing agency GE_BSU
041 ## - ენის კოდი
Language code of text/sound track or separate title geo
080 ## - უნივერსალური ათობითი კლასიფიკაციის ინდექსი
Universal Decimal Classification number 94(393) + 94(479.22) + 271.22 ბ-30
100 ## - მთავარი ჩანაწერი - პიროვნების სახელი
Personal name ბატიაშვილი (დარეჯანაშვილი), ზურაბ
9 (RLIN) 3584
245 ## - ცნობა სათაურის შესახებ
Title კაპადოკია /
Statement of responsibility, etc ზურაბ ბატიაშვილი (დარეჯანაშვილი) ; მთ. რედ. რ. მეტრეველი ; სერიის სარედ საბჭო : ბუბა კუდავა და სხვ.
264 ## - წარმოების, გამოცემის, დისტრიბუციის და სხვა ცნობები
გამოცემის, წარმოების, დისტრიბუციის... ადგილი თბილისი :
გამოცემის, წარმოების, დისტრიბუციის... სახელწოდება არტანუჯი ;
გამოცემის, წარმოების, დისტრიბუციის... თარიღი 2010.
300 ## - ფიზიკური აღწერა
Extent 108 გვ. :
Other physical details ილ. ;
Dimensions 20 სმ.
490 ## - სერიის ცნობა
Series statement სამხრეთ კავკასია და ანატოლია
Volume number/sequential designation 6
653 ## - INDEX TERM--UNCONTROLLED
Uncontrolled term კაპადოკია
653 ## - INDEX TERM--UNCONTROLLED
Uncontrolled term ისტორია
700 ## - ADDED ENTRY--PERSONAL NAME
Personal name მეტრეველი, რ.
Relator term მთ. რედაქტორი
9 (RLIN) 3585
942 ## - ADDED ENTRY ELEMENTS (KOHA)
Koha item type წიგნი
Source of classification or shelving scheme
ეგზემპლარები
ჩამოწერის სტატუსი დაკარგული ეგზემპლარის სტატუსი კლასიფიკაციის წყარო ან თაროზე გაწყობის სქემა დაზიანების სტატუსი არ გაიცემა მუდმივი მდებარეობა (დაცვის ადგილი) ამჟამინდელი ადგილსამყოფელი თაროზე განთავსების ადგილი შეძენის თარიღი ღირებულება, შესყიდვის ნორმალური ფასი სრული შენახვის შიფრი შტრიხკოდი ბოლო ოპერაციის თარიღი ეგზემპლარის მიმდევრობითი ნომერი (კეტერი?) ფასის ძალაში შესვლის თარიღი ეგზემპლარის სახეობა საჯარო შენიშვნა
          ბათუმის შოთა რუსთაველის სახელმწიფო უნივერსიტეტის მთავარი ბიბლიოთეკა ბათუმის შოთა რუსთაველის სახელმწიფო უნივერსიტეტის მთავარი ბიბლიოთეკა წიგნსაცავი 2018-12-17 7.50 94(393) + 94(479.22) + 271.22 ბ-30 13439 2018-12-17 13439 2018-12-17 წიგნი 7.50 ლ.
          ბათუმის შოთა რუსთაველის სახელმწიფო უნივერსიტეტის მთავარი ბიბლიოთეკა ბათუმის შოთა რუსთაველის სახელმწიფო უნივერსიტეტის მთავარი ბიბლიოთეკა წიგნსაცავი 2018-12-17 7.50 94(393) + 94(479.22) + 271.22 ბ-30 13440 2018-12-17 13440 2018-12-17 წიგნი 7.50 ლ.
          ბათუმის შოთა რუსთაველის სახელმწიფო უნივერსიტეტის მთავარი ბიბლიოთეკა ბათუმის შოთა რუსთაველის სახელმწიფო უნივერსიტეტის მთავარი ბიბლიოთეკა წიგნსაცავი 2018-12-17 7.50 94(393) + 94(479.22) + 271.22 ბ-30 13441 2018-12-17 13441 2018-12-17 წიგნი 7.50 ლ.
          ბათუმის შოთა რუსთაველის სახელმწიფო უნივერსიტეტის მთავარი ბიბლიოთეკა ბათუმის შოთა რუსთაველის სახელმწიფო უნივერსიტეტის მთავარი ბიბლიოთეკა წიგნსაცავი 2018-12-17 7.50 94(393) + 94(479.22) + 271.22 ბ-30 13442 2018-12-17 13442 2018-12-17 წიგნი 7.50 ლ.